000 00678nam a22002417a 4500
001 BR7302308
003 BR-BrBNA
005 20230928083920.0
007 ta
008 230509b bl.||||| |||| 00| 0 por d
040 _aBR-BrBNA
_bpor
_cBiblioteca Nacional de Agricultura
041 _a(Por)
072 _aF00
_b0430
090 _ 0430 BR7302308
110 1 _aCompanhia Brasileira de Produtos Quimicos Shell, Sao Paulo, SP
_92323
245 1 _aColha mais algodao. Plante bem para colher melhor
260 3 _aSao Paulo, SP (Brasil):
_c1964.
300 _a5 p.
650 _aALGODAO
650 _aPRATICA CULTURAL
909 _a202309
_bLucia
_c55
_dLucia Elande
942 _cBK
999 _c15813
_d15813